Συνεχιζόμενη εκπαίδευση και δια βίου μάθηση : διεθνής εμπειρία και ελληνική προοπτική : πρακτικά του θ' διεθνούς παιδαγωγικού συνεδρίου (Βόλος 1999)
Αποθηκεύτηκε σε:
| Συλλογικό Έργο: | , , , |
|---|---|
| Άλλοι συγγραφείς: | , , |
| Μορφή: | Πρακτικό Συνεδρίου Βιβλίο |
| Γλώσσα: | Greek |
| Δημοσίευση: |
Αθήνα :
Άτραπος,
2001.
|
| Θέματα: | |
| Ετικέτες: |
Προσθήκη ετικέτας
Δεν υπάρχουν, Καταχωρήστε ετικέτα πρώτοι!
|
MARC
| LEADER | 00000cam a2200000 a 4500 | ||
|---|---|---|---|
| 001 | 1/122787 | ||
| 008 | 210317s2001####gr | ||| |||| ||gre|| | ||
| 020 | |a 9608077257 | ||
| 040 | |a GR-MyUa |b gre |c GR-MyUa |e AACR2 | ||
| 082 | 7 | |a 374 |2 (23) | |
| 111 | 2 | |a Συνεχιζόμενη εκπαίδευση και δια βίου μάθηση : διεθνής εμπειρία και ελληνική προοπτική |n (9ο : |d 11-13 Νοεμβρίου 1999 : |c Βόλος). | |
| 245 | 1 | 0 | |a Συνεχιζόμενη εκπαίδευση και δια βίου μάθηση : |b διεθνής εμπειρία και ελληνική προοπτική : πρακτικά του θ' διεθνούς παιδαγωγικού συνεδρίου (Βόλος 1999) / |c Παιδαγωγική Εταιρεία Ελλάδος ; Παιδαγωγικά Τμήματα Πανεπιστημίου Θεσσαλίας ; Ελληνικό ανοικτό πανεπιστήμιο ; επιμέλεια : Κ. Π. Χάρης, Ν.Β. Πετρουλάκης, Σ. Νικοδήμος. |
| 246 | 1 | |i [Άλλες παραλλαγές του τίτλου] : |a Πρακτικά ένατου συνεδρίου συνεχιζόμενης και δια βίου μάθησης διεθνής εμπειρίας και ελληνικής προοπτικής | |
| 260 | |a Αθήνα : |b Άτραπος, |c 2001. | ||
| 300 | |a 782 σ. : |b πίν., γραφήμ. ; |c 24 εκ. | ||
| 504 | |a Περιλαμβάνει βιβλιογραφίες και βιβλιογραφικές παραπαμπές. | ||
| 650 | 0 | |a Continuing education |x Congresses. | |
| 650 | 0 | |a Adult education |x Congresses |z Greece. | |
| 700 | 1 | |a Χάρης, Κωνσταντίνος Π. |e edt |e aui | |
| 700 | 1 | |a Πετρουλάκης, Νικόλαος Β., |d 1921-2019, |e edt |e aui | |
| 700 | 1 | |a Νικόδημος, Στυλιανός Ι. |e edt |e aui | |
| 710 | 2 | |a Παιδαγωγική Εταιρεία Ελλάδος. | |
| 710 | 2 | |a Πανεπιστήμιο Θεσσαλίας |b Παιδαγωγικό Τμήμα. | |
| 710 | 2 | |a Ελληνικό Ανοιχτό Πανεπιστήμιο (ΕΑΠ) | |
| 852 | |a INST |b RHODES |e 20210317 |h 374 ΣΥΝ |p 005400041994 |q 005400041994 |t BK |y 0 | ||
| 920 | |a Δωρεά Βιβλιοθήκης |y Ρόδος |z 2021-03 | ||
| 970 | |a Μαρία |b Κωτάκου |z 17-03-2021 | ||